Nghiên cứu chiết tách và xác định thành phần hóa học của rễ cây đinh lăng lá nhỏ (polyscias fruticosa) ở tỉnh Quảng Nam

Tổng quan. Thực nghiệm. Kết quả nghiên cứu và thảo luận

Enregistré dans:
Détails bibliographiques
Auteur principal: Lê Thị Thanh Dung
Autres auteurs: Nguyễn Thị Bích Tuyết TS (Hướng dẫn)
Format: Livre
Langue:Vietnamese
Publié: Đà Nẵng Đại học Đà Nẵng 2009
Sujets:
Tags: Ajouter un tag
Pas de tags, Soyez le premier à ajouter un tag!
Thư viện lưu trữ: Mạng thư viện Đại học Đà Nẵng
LEADER 01487nam a2200361 4500
001 000010393
003 6596
005 20111213141259.0
008 111213s2009 viesd
041 |a vie 
072 |a Luận văn Thạc sĩ Khoa học 
082 |a 664.02  |b LE-D 
100 |a Lê Thị Thanh Dung 
245 |a Nghiên cứu chiết tách và xác định thành phần hóa học của rễ cây đinh lăng lá nhỏ (polyscias fruticosa) ở tỉnh Quảng Nam  |c Lê Thị Thanh Dung 
260 |a Đà Nẵng  |b Đại học Đà Nẵng  |c 2009 
300 |a 61tr  |c 29cm  |e Tóm tắt luận văn 
500 |a Luận văn Thạc sĩ Khoa học. Chuyên ngành: Hóa hữu cơ. Mã số: 60.44.27 
520 |a Tổng quan. Thực nghiệm. Kết quả nghiên cứu và thảo luận 
653 |a Hóa học 
653 |a Luận văn Thạc sĩ Hóa hữu cơ 
653 |a chiết tách 
653 |a Polyscias fruticosa 
700 |a Nguyễn Thị Bích Tuyết  |c TS  |e Hướng dẫn 
OWN |a LSP 
AVA |a UDN50  |b LSP  |d 664.02 LE-D  |e available  |t Error 5001 Not defined in file expand_doc_bib_avail.  |f 1  |g 0  |h N  |i 0  |k 1 
999 |a From the UDN01 
AVA |a UDN50  |b LSP  |d 664.02 LE-D  |e available  |t Error 5001 Not defined in file expand_doc_bib_avail.  |f 1  |g 0  |h N  |i 0  |k 1 
TYP |a Monograph 
TYP |a Printed language 
980 |a Mạng thư viện Đại học Đà Nẵng